000 00633nam a2200193Ia 4500
003 GCL
008 140319s9999 xx 000 0 ara d
040 _aGCL /
_cGCL
082 0 4 _a811.9
_bس ف
100 1 _aسيد حجاب
245 1 0 _aسيد حجاب: الاعمال الكاملة : فى القيمة. اصوات نص الطريق /
_cسيد حجاب
260 _a[S.N] :
_bدار الفكر للدراسات والنشر والتوزيع ،
_c1987
300 _a117 ص
490 _a
650 0 4 _aالشعر العربى
650 0 4 _aالعصر الحديث
650 0 4 _aدواوين وقصائد
942 _2ddc
_cBK
999 _c45733
_d45733